Les 23 joueuses françaises pour la coupe du monde 2019 - Statistiques

Statistiques générales
  • Ce quiz a été pris 67 fois
  • Le résultat moyen est 13 sur 24
Statistiques - réponses
Poste Joueurs % Correct
A Eugénie Le Sommer
97%
D Wendie Renard
97%
M Amandine Henry
93%
Entraineure Corinne Diacre
80%
G Sarah Bouhaddi
80%
A Kadidiatou Diani
76%
D Amel Majri
73%
M Gaetane Thiney
73%
A Valerie Gauvin
71%
D Griedge Mbock Bathy Nka
69%
D Marion Torrent
66%
A Delphine Cascarino
63%
M Elise Bussaglia
61%
D Sakina Karchaoui
54%
D Eve Perisset
44%
A Viviane Asseyi
41%
G Solène Durand
32%
M Charlotte Bilbault
27%
M Onema Grace Geyoro
27%
G Pauline Peyraud Magnin
27%
D Aissatou Tounkara
19%
A Emelyne Laurent
19%
M Maeva Clemaron
17%
D Julie Debever
10%
Aucun quiz correspondant
Distribution des résultats
% des personnes avec chaque résultat
Percentile par nombre de réponses
Votre historique - résultats
Vous n’avez pas pris ce quiz